Tạp chí phát triển và hội nhập = Journal of development and integration Số 67
Trong số này trình bày TPP - hội nhập - cơ hội & thách thức; Nghiên cứu và trao đổi; Phát triển kinh tế địa phương; giáo dục & đào tạo; tham khảo;...
Wedi'i Gadw mewn:
| Fformat: | Llyfr |
|---|---|
| Iaith: | Vietnamese |
| Cyhoeddwyd: |
TP. Hồ Chí Minh
Trường Đại học Kinh tế Tài chính TP. HCM
2022
|
| Pynciau: | |
| Tagiau: |
Ychwanegu Tag
Dim Tagiau, Byddwch y cyntaf i dagio'r cofnod hwn!
|
| Thư viện lưu trữ: | Thư viện Trường Đại học Nam Cần Thơ |
|---|
| LEADER | 01207nam a22002297a 4500 | ||
|---|---|---|---|
| 001 | NCT_143672 | ||
| 008 | 220509b xxu||||| |||| 00| 0 vie d | ||
| 999 | |c 7397 |d 7397 | ||
| 022 | |a 1859-428X | ||
| 041 | |a vie | ||
| 082 | 0 | 4 | |2 23rd ed. |a 330 |b T109C |
| 245 | 0 | 0 | |a Tạp chí phát triển và hội nhập = |b Journal of development and integration |n Số 67 |c Trường Đại học Kinh tế Tài chính TP. HCM |
| 260 | |a TP. Hồ Chí Minh |b Trường Đại học Kinh tế Tài chính TP. HCM |c 2022 | ||
| 300 | |c 30cm | ||
| 310 | |a Hàng tháng | ||
| 362 | |a 11-12/2022 | ||
| 520 | 3 | |a Trong số này trình bày TPP - hội nhập - cơ hội & thách thức; Nghiên cứu và trao đổi; Phát triển kinh tế địa phương; giáo dục & đào tạo; tham khảo;... | |
| 655 | |a Tạp chí | ||
| 942 | |2 ddc |c CR | ||
| 952 | |0 0 |1 0 |2 ddc |4 0 |6 330_000000000000000_T109C |7 0 |9 26591 |a 000001 |b 000001 |d 2023-01-03 |o 330 T109C |r 2023-01-03 |w 2023-01-03 |y CR | ||
| 952 | |0 0 |1 0 |2 ddc |4 0 |6 330_000000000000000_T109C |7 0 |9 26592 |a 000001 |b 000001 |d 2023-01-03 |o 330 T109C |r 2023-01-03 |w 2023-01-03 |y CR | ||
| 980 | |a Thư viện Trường Đại học Nam Cần Thơ | ||